000
00492nam a2200169Ia 4500
008
090123s9999 xx 000 0 und d
082
_b
162
100
_a
काणेकर अनंत
245
_a
खिडकीतील तारे
250
_a
0
300
_a
79
600
_a
काणेकर अनंत
630
_a
खिडकीतील तारे
700
_a
काणेकर अनंत
730
_a
खिडकीतील तारे
942
_c
BOOK
999
_c
38250
_d
38250